000 01551nam a2200397 c 4500
999 _c149983
_d149983
003 BLK
005 20231220005302.0
008 180410b bul|||||r ||||||| ||bul||
010 _aKNG00156290000
020 _a978-954-431-877-2
040 _aBLK
041 _aBUL
_cBUL
072 7 _2bullib
_aН85
_xДетска художествена литература Н
080 _aБългарска литература
_b821.163.2
_x-93-1
_z821.163.2-93-1
100 1 _aПопова, Савина
_eпърви автор
_9380508
139 _aПопова, Савина
_bП 76
245 1 0 _aГорски вестник
_cСавина Попова; худож. Галин Николаев Георгиев; худож. Светлана Ангелова Князева.
257 _aBGR
260 _bЗлатното пате
_c2012
_fСофия : Образование и наука
300 _a10 с.
_bс цв. ил.
_c23Х22 см
380 _aDX
490 _aПоредица Горски новини
_9206411
500 _aКор. опис.
653 _aстихотворения за деца
653 _aкнижки-картинки
659 _aН
700 _aГеоргиев, Галин Николаев
_9368580
700 1 _aКнязева, Светлана Ангелова
_eхудож.
_9367584
852 _aЦб 263257
856 4 _qpdf
856 4 _qpdf
942 _cKNG
_n0
_03
_s1
944 _aCR
_c04.02.2014
_k
_lCRON CRON
944 _aED
_c10.10.2014
999 _d149983